[Event "Campeonato de España Individual 2013"]
[Site "Linares ESP"]
[Date "2013.08.29"]
[Round "1.5"]
[White "Arboledas Fernandez, Antonio A"]
[Black "Anton Guijarro, David"]
[Result "1/2-1/2"]
[WhiteElo "2149"]
[BlackElo "2570"]
[PlyCount "148"]
[EventDate "2013.08.29"]
[EventType "swiss"]
[EventRounds "9"]
[EventCountry "ESP"]
[Source "lmi"]
[SourceDate "2013.08.28"]

1. e4 c5 2. Nf3 d6 3. d3 Nc6 4. Be2 g6 5. c3 Nf6 6. h3 Bg7 7. Be3 O-O 8. O-O b6
9. Qc1 Re8 10. c4 Nd7 11. Nc3 a6 12. Bh6 Nd4 13. Bd1 Rb8 14. Bxg7 Kxg7 15. Nxd4
cxd4 16. Ne2 e5 17. f4 b5 18. cxb5 Rxb5 19. Bb3 f6 20. Bc4 Rb8 21. b3 Nb6 22.
Ng3 Nxc4 23. bxc4 Bd7 24. Rf2 Rf8 25. Qa3 Qb6 26. Raf1 Qb4 27. Qc1 Qc5 28. f5
g5 29. h4 h6 30. Nh5+ Kf7 31. Qd1 Be8 32. Rf3 Rb2 33. R1f2 Rxf2 34. Rxf2 Qa3
35. Ng3 gxh4 36. Nf1 Ke7 37. Qb1 Rg8 38. Rb2 Bd7 39. Rb7 Qc5 40. Kh1 Qc8 41.
Qb6 Qc5 42. Qxa6 Rc8 43. Nd2 Rc6 44. Qb5 h3 45. g3 Qxb5 46. Rxb5 Ra6 47. Rb2
Ba4 48. Kh2 Bd1 49. Nb3 Bg4 50. Nc1 Kd7 51. Rb4 Kc7 52. Rb3 Ra8 53. Rb5 Rg8 54.
a4 Ra8 55. a5 Bh5 56. Kxh3 Be8 57. Rb2 Rxa5 58. Na2 Bc6 59. Kg4 Ra8 60. Nb4
Rg8+ 61. Kf3 Bb7 62. Rh2 Rh8 63. Kg4 Rg8+ 64. Kh4 Kb6 65. Rb2 Kc7 66. g4 Rg5
67. Ra2 Rg8 68. Nd5+ Bxd5 69. cxd5 Kb6 70. Rc2 Kb5 71. Rb2+ Kc5 72. Rb7 Ra8 73.
Rb3 Rg8 74. Rb2 Rh8 1/2-1/2

[Event "Campeonato de España Individual 2013"]
[Site "Linares ESP"]
[Date "2013.08.29"]
[Round "1.11"]
[White "Perera Borrego, Mariela"]
[Black "Narciso Dublan, Marc"]
[Result "0-1"]
[WhiteElo "2062"]
[BlackElo "2505"]
[PlyCount "100"]
[EventDate "2013.08.29"]
[EventType "swiss"]
[EventRounds "9"]
[EventCountry "ESP"]
[Source "lmi"]
[SourceDate "2013.08.28"]

1. d4 f5 2. Nf3 e6 3. g3 Nf6 4. Bg2 d5 5. O-O Bd6 6. c4 O-O 7. Nc3 c6 8. Qc2
Qe7 9. a3 Nbd7 10. b4 Ne4 11. Rb1 h6 12. b5 g5 13. Nd2 Nxc3 14. Qxc3 Nf6 15.
bxc6 bxc6 16. cxd5 cxd5 17. Qc6 Bd7 18. Qa6 Rfb8 19. Rxb8+ Rxb8 20. Qxa7 Qd8
21. a4 Ra8 22. Qb7 Rxa4 23. Qb2 Qa8 24. Nf3 Ra2 25. Qb6 Qb8 26. Qxb8+ Bxb8 27.
h4 gxh4 28. Nxh4 Kg7 29. Bf3 Ne4 30. Be3 Nc3 31. Rc1 Nb5 32. Rb1 Ba7 33. Ng2
Ra4 34. Nf4 Kf6 35. Nh5+ Ke7 36. Bxh6 Nxd4 37. Bg5+ Kd6 38. Rb7 Kc6 39. Rb2
Nxf3+ 40. exf3 Bd4 41. Re2 Kd6 42. Bh6 Bb5 43. Rd2 Bc3 44. Bf8+ Kd7 45. Rc2 d4
46. Bh6 Ra1+ 47. Kg2 Ba4 48. Re2 d3 49. Re3 Bc2 50. Nf4 d2 0-1

[Event "Campeonato de España Individual 2013"]
[Site "Linares ESP"]
[Date "2013.08.29"]
[Round "1.22"]
[White "Alvarez Fernandez, Enrique"]
[Black "Alvarez Morales, Miguel"]
[Result "1/2-1/2"]
[WhiteElo "2385"]
[BlackElo "1983"]
[PlyCount "114"]
[EventDate "2013.08.29"]
[EventType "swiss"]
[EventRounds "9"]
[EventCountry "ESP"]
[Source "lmi"]
[SourceDate "2013.08.28"]

1. d4 Nf6 2. Bg5 c6 3. Bxf6 exf6 4. c4 d5 5. cxd5 Qxd5 6. Nc3 Qa5 7. e3 g6 8.
Nge2 Na6 9. a3 Be6 10. b4 Qd8 11. Nf4 Nc7 12. Be2 Bg7 13. O-O O-O 14. Qc2 Rc8
15. Rfc1 f5 16. Bf3 Bh6 17. g3 Bxf4 18. gxf4 Nd5 19. Nxd5 Bxd5 20. Qe2 Qd7 21.
Rc3 Rfe8 22. Rac1 Bxf3 23. Qxf3 a6 24. Rc5 Qe6 25. Qe2 Qb3 26. R1c3 Qb1+ 27.
Qf1 Qxf1+ 28. Kxf1 Rcd8 29. a4 Re6 30. Re5 Red6 31. Re7 R6d7 32. Rxd7 Rxd7 33.
Ke2 f6 34. Kd3 Kf7 35. Kc4 Rd5 36. f3 Ke6 37. Rc1 b6 38. h4 a5 39. bxa5 Rxa5
40. Kb4 Kd5 41. Rg1 Ra7 42. Rd1 Re7 43. Re1 h6 44. Kc3 g5 45. fxg5 fxg5 46.
hxg5 hxg5 47. Kd3 Ra7 48. Ra1 g4 49. fxg4 fxg4 50. e4+ Kd6 51. Ke3 c5 52. dxc5+
bxc5 53. Kf4 Rf7+ 54. Kxg4 Ke5 55. Rc1 Kd4 56. e5 c4 57. Ra1 Kxe5 1/2-1/2

[Event "Campeonato de España Individual 2013"]
[Site "Linares ESP"]
[Date "2013.08.29"]
[Round "1.23"]
[White "Boutahar Belgasi, Tarik"]
[Black "Suarez Garcia, Carlos"]
[Result "0-1"]
[WhiteElo "1980"]
[BlackElo "2321"]
[PlyCount "70"]
[EventDate "2013.08.29"]
[EventType "swiss"]
[EventRounds "9"]
[EventCountry "ESP"]
[Source "lmi"]
[SourceDate "2013.08.28"]

1. Nf3 Nf6 2. g3 e6 3. Bg2 d5 4. d4 Be7 5. O-O O-O 6. c4 dxc4 7. Ne5 Nc6 8.
Nxc6 bxc6 9. Nc3 Rb8 10. e4 c5 11. d5 exd5 12. exd5 Bf5 13. Re1 Re8 14. Bf1 Nd7
15. Qf3 Bg6 16. Bxc4 Bf6 17. Rxe8+ Qxe8 18. Qe2 Nb6 19. Bb5 Qxe2 20. Bxe2 Bxc3
21. bxc3 Nxd5 22. Ba3 Nxc3 23. Bc4 Rb1+ 24. Rxb1 Bxb1 25. Bxc5 Bxa2 26. Ba6 Na4
27. Bxa7 Bd5 28. Bd3 Nb6 29. Bb8 Na8 30. Ba7 g6 31. Kf1 Kf8 32. Ke2 Ke7 33.
Bc5+ Ke6 34. h4 Nb6 35. Ke3 Ke5 0-1

[Event "Campeonato de España Individual 2013"]
[Site "Linares ESP"]
[Date "2013.08.29"]
[Round "1.30"]
[White "Shen, Yue"]
[Black "Valero Gutierrez, Alvaro"]
[Result "1-0"]
[WhiteElo "2283"]
[BlackElo "1886"]
[PlyCount "75"]
[EventDate "2013.08.29"]
[EventType "swiss"]
[EventRounds "9"]
[EventCountry "ESP"]
[Source "lmi"]
[SourceDate "2013.08.28"]

1. d4 Nf6 2. c4 c5 3. d5 e5 4. Nc3 d6 5. e4 Nbd7 6. Nf3 g6 7. Be2 Bg7 8. a3 a6
9. Nd2 O-O 10. h4 h5 11. Nf1 Rb8 12. a4 b6 13. Ne3 Nh7 14. g4 hxg4 15. Nxg4 f5
16. Nh6+ Kh8 17. h5 Ng5 18. Bxg5 Qxg5 19. Nf7+ Rxf7 20. hxg6+ Bh6 21. gxf7 Nf8
22. exf5 Bxf5 23. Bd3 Kg7 24. Bxf5 Qxf5 25. Qh5 Qf4 26. Rd1 Ng6 27. Ne2 Qg5 28.
Ng3 Qxh5 29. Rxh5 Ne7 30. Ke2 Bf4 31. Ne4 Kg6 32. Rdh1 Nf5 33. Rh8 Rxh8 34.
Rxh8 Kxf7 35. Rb8 b5 36. cxb5 axb5 37. a5 Nd4+ 38. Kd1 1-0

[Event "Campeonato de España Individual 2013"]
[Site "Linares ESP"]
[Date "2013.08.30"]
[Round "2.7"]
[White "Rioboo De Larriva, Alvaro"]
[Black "Lopez Martinez, Josep Manuel"]
[Result "0-1"]
[WhiteElo "2247"]
[BlackElo "2547"]
[PlyCount "69"]
[EventDate "2013.08.29"]
[EventType "swiss"]
[EventRounds "9"]
[EventCountry "ESP"]
[Source "lmi"]
[SourceDate "2013.08.28"]

1. c4 b6 2. Nc3 Bb7 3. Nf3 e6 4. g3 Bb4 5. Bg2 Bxc3 6. bxc3 Ne7 7. O-O d6 8. d4
O-O 9. Qc2 f5 10. Rd1 Be4 11. Qb3 Nbc6 12. a4 Na5 13. Qa2 h6 14. Ne1 Qd7 15. f3
Bb7 16. Rb1 Ba6 17. c5 dxc5 18. e4 cxd4 19. cxd4 Rad8 20. Bb2 Nc4 21. Ba1 Ne3
22. Rd2 Nc6 23. Qb3 Nxg2 24. Nxg2 fxe4 25. fxe4 Qf7 26. Ne3 Ne5 27. Kh1 Qf3+
28. Rg2 Nd3 29. Qxe6+ Kh7 30. Ng4 Bc8 31. Qe7 Bxg4 32. d5 Be6 33. Qxe6 Nf2+ 34.
Kg1 Nh3+ 35. Kh1 0-1

[Event "Campeonato de España Individual 2013"]
[Site "Linares ESP"]
[Date "2013.08.30"]
[Round "2.25"]
[White "Navarro Lopez-Menchero, Daniel"]
[Black "Juan Delgado, Adrian"]
[Result "1-0"]
[WhiteElo "2318"]
[BlackElo "1865"]
[PlyCount "97"]
[EventDate "2013.08.29"]
[EventType "swiss"]
[EventRounds "9"]
[EventCountry "ESP"]
[Source "lmi"]
[SourceDate "2013.08.28"]

1. d4 d6 2. Nc3 Nd7 3. e4 Ngf6 4. Nge2 e5 5. f3 Be7 6. g4 c6 7. Be3 h6 8. Qd2
b6 9. O-O-O Bb7 10. Ng3 Qc7 11. Nf5 Bf8 12. d5 c5 13. h4 h5 14. g5 Ng8 15. f4
g6 16. Ng3 exf4 17. Bxf4 a6 18. Bh3 Bg7 19. Rhf1 Ne7 20. Rde1 Ne5 21. Nge2 b5
22. Ng1 b4 23. Nd1 a5 24. Nf3 Nc4 25. Qh2 a4 26. e5 dxe5 27. Nxe5 Nxe5 28. Bxe5
Bxe5 29. Qxe5 Qxe5 30. Rxe5 Kf8 31. d6 Nc6 32. Rxc5 Kg7 33. Bg2 Ra6 34. Rf6 b3
35. Nc3 bxa2 36. Nxa2 Ba8 37. d7 Nb8 38. Rc8 Nxd7 39. Rxh8 Rxf6 40. gxf6+ Kxh8
41. Bxa8 Nxf6 42. Nc3 Nd7 43. Nxa4 f5 44. Kd2 Ne5 45. Bd5 g5 46. hxg5 h4 47.
Ke3 h3 48. Kf4 Ng6+ 49. Kg3 1-0

[Event "Campeonato de España Individual 2013"]
[Site "Linares ESP"]
[Date "2013.08.30"]
[Round "2.26"]
[White "Alvarez Morales, Miguel"]
[Black "Arboledas Fernandez, Antonio A"]
[Result "1/2-1/2"]
[WhiteElo "1983"]
[BlackElo "2149"]
[PlyCount "64"]
[EventDate "2013.08.29"]
[EventType "swiss"]
[EventRounds "9"]
[EventCountry "ESP"]
[Source "lmi"]
[SourceDate "2013.08.28"]

1. e4 e5 2. Nf3 Nc6 3. Bb5 a6 4. Bxc6 dxc6 5. Nc3 f6 6. d4 exd4 7. Qxd4 Qxd4 8.
Nxd4 Bd6 9. Be3 c5 10. Nb3 b6 11. f3 Be6 12. O-O-O O-O-O 13. Rd2 Ne7 14. g3 Be5
15. Ne2 Bxb3 16. axb3 Rxd2 17. Bxd2 Rd8 18. Rd1 Nc6 19. Bc3 Rxd1+ 20. Kxd1 Bxc3
21. bxc3 Ne5 22. Ng1 b5 23. h3 a5 24. f4 Nc6 25. Nf3 Kd7 26. Nd2 Ke6 27. c4 b4
28. Nf3 Nd4 29. Nxd4+ cxd4 30. Kd2 c5 31. Ke2 g6 32. h4 g5 1/2-1/2

[Event "Campeonato de España Individual 2013"]
[Site "Linares ESP"]
[Date "2013.08.30"]
[Round "2.28"]
[White "Lerma Moreno, Juan Manuel"]
[Black "Barrenechea Bahamonde, Gustavo"]
[Result "0-1"]
[WhiteElo "1923"]
[BlackElo "2183"]
[PlyCount "85"]
[EventDate "2013.08.29"]
[EventType "swiss"]
[EventRounds "9"]
[EventCountry "ESP"]
[Source "lmi"]
[SourceDate "2013.08.28"]

1. Nf3 c5 2. c4 Nc6 3. d4 cxd4 4. Nxd4 g6 5. e4 Bg7 6. Be3 Nf6 7. Nc3 Ng4 8.
Qxg4 Nxd4 9. Qd1 e5 10. Qd2 O-O 11. Bd3 d6 12. f3 a6 13. b3 Be6 14. Rc1 Rc8 15.
O-O Qa5 16. Qf2 b5 17. Nd5 Rfe8 18. cxb5 Bxd5 19. exd5 axb5 20. f4 Rxc1 21.
Rxc1 e4 22. Bf1 Nf5 23. Bb6 Qa3 24. Re1 Qb4 25. Kh1 Rc8 26. Qe2 Re8 27. Rd1 e3
28. Qf3 Bc3 29. g3 Bd2 30. Qe2 Rb8 31. Bc7 Rc8 32. Bb6 Ra8 33. Bh3 Nd4 34. Bxd4
Qxd4 35. Bg2 b4 36. Qc4 Qxc4 37. bxc4 Rxa2 38. Bf3 Rc2 39. Be2 b3 40. Bd3 Rc3
41. Be4 e2 42. Bg2 Rf3 43. Bf1 0-1

[Event "Campeonato de España Individual 2013"]
[Site "Linares ESP"]
[Date "2013.08.30"]
[Round "2.29"]
[White "Galvez Extremera, Francisco"]
[Black "Zorrilla Leonardo, Victor M"]
[Result "1/2-1/2"]
[WhiteElo "2180"]
[BlackElo "1890"]
[PlyCount "82"]
[EventDate "2013.08.29"]
[EventType "swiss"]
[EventRounds "9"]
[EventCountry "ESP"]
[Source "lmi"]
[SourceDate "2013.08.28"]

1. e4 d6 2. d4 Nf6 3. Nc3 c6 4. Nf3 Bg4 5. h3 Bh5 6. Bg5 Nbd7 7. e5 Bxf3 8.
Qxf3 dxe5 9. dxe5 Nxe5 10. Qg3 Ned7 11. O-O-O Qa5 12. Bd2 Qd8 13. Bd3 g6 14.
Rhe1 Bg7 15. f4 Qc7 16. Qf3 e6 17. f5 gxf5 18. Bxf5 O-O-O 19. Be4 Nc5 20. Bf4
Qb6 21. Be5 Ncd7 22. Rxd7 Bh6+ 23. Kb1 Nxd7 24. Bxh8 Rxh8 25. Qxf7 Rd8 26. Qxe6
Bd2 27. Na4 Qf2 28. Rd1 Qe2 29. Qg4 Qxg4 30. hxg4 Nf6 31. Bf5+ Kc7 32. g5 Bxg5
33. Rxd8 Kxd8 34. Nc5 Be3 35. Nxb7+ Kc7 36. Na5 h6 37. Nc4 Bd4 38. c3 Bf2 39.
g4 Nd5 40. Be4 Ne3 41. Ne5 c5 1/2-1/2

[Event "Campeonato de España Individual 2013"]
[Site "Linares ESP"]
[Date "2013.08.30"]
[Round "2.30"]
[White "Gonzalez Del Campo, Diego"]
[Black "Lorente Peñalva, Diego"]
[Result "0-1"]
[WhiteElo "1913"]
[BlackElo "2178"]
[PlyCount "114"]
[EventDate "2013.08.29"]
[EventType "swiss"]
[EventRounds "9"]
[EventCountry "ESP"]
[Source "lmi"]
[SourceDate "2013.08.28"]

1. f4 d5 2. Nf3 g6 3. g3 Bg7 4. Bg2 Nh6 5. O-O O-O 6. d3 d4 7. c3 c5 8. e4 dxe3
9. Bxe3 Qc7 10. Na3 Rd8 11. Qe2 Ng4 12. Bc1 Bf5 13. d4 cxd4 14. Nxd4 Bxd4+ 15.
cxd4 Nc6 16. Nb5 Nxd4 17. Nxd4 Rxd4 18. h3 Nf6 19. Re1 Be4 20. Be3 Rc4 21. Rac1
b5 22. Rxc4 Qxc4 23. Qxc4 bxc4 24. Rc1 Rb8 25. Bxe4 Nxe4 26. Rxc4 Nxg3 27. b4
a6 28. a4 Nf5 29. Ba7 Rb7 30. Rc8+ Kg7 31. Bc5 Rd7 32. Rc6 Rd3 33. Rxa6 Rxh3
34. b5 Rb3 35. b6 h5 36. Ra5 Rb1+ 37. Kf2 Rb2+ 38. Ke1 Rb1+ 39. Kd2 h4 40. Rb5
Rxb5 41. axb5 h3 42. Bg1 Nd6 43. Ke3 Kf6 44. Kf3 Ke6 45. Kg3 Kd5 46. Kxh3 Kc4
47. Kg4 Kxb5 48. b7 Nxb7 49. f5 gxf5+ 50. Kxf5 Kc6 51. Bf2 Kd5 52. Bh4 Nd6+ 53.
Kf4 e5+ 54. Kf3 f5 55. Bg3 Ne4 56. Be1 Ng5+ 57. Kg3 Kd4 0-1

[Event "Campeonato de España Individual 2013"]
[Site "Linares ESP"]
[Date "2013.08.31"]
[Round "3.3"]
[White "Vega Gutierrez, Sabrina"]
[Black "Illescas Cordoba, Miguel"]
[Result "1/2-1/2"]
[WhiteElo "2402"]
[BlackElo "2608"]
[PlyCount "84"]
[EventDate "2013.08.29"]
[EventType "swiss"]
[EventRounds "9"]
[EventCountry "ESP"]
[Source "lmi"]
[SourceDate "2013.08.28"]

1. e4 e5 2. Nf3 Nc6 3. Bb5 a6 4. Ba4 Nf6 5. O-O Nxe4 6. Re1 Nc5 7. Nxe5 Nxe5 8.
Rxe5+ Be7 9. Nc3 O-O 10. Bb3 d6 11. Re1 c6 12. d4 Nxb3 13. axb3 Bf5 14. Bf4 Re8
15. Qd2 Bg6 16. Ne4 Bf8 17. Ng3 Rxe1+ 18. Rxe1 h6 19. b4 a5 20. bxa5 Rxa5 21.
c3 Ra2 22. Qe2 d5 23. h3 Qh4 24. Bc1 Qd8 25. Qg4 Ra1 26. h4 Kh8 27. h5 Bh7 28.
Qf4 Kg8 29. Bd2 Rxe1+ 30. Bxe1 Be7 31. Qg4 Bg5 32. Qe2 b6 33. b4 Qe7 34. Kf1
Qe6 35. Bd2 Qxe2+ 36. Kxe2 Bd8 37. Bf4 Kf8 38. f3 Ke7 39. Be5 f6 40. Bf4 Ke6
41. Nf1 Be7 42. Bc7 b5 1/2-1/2

[Event "Campeonato de España Individual 2013"]
[Site "Linares ESP"]
[Date "2013.08.31"]
[Round "3.12"]
[White "Navarro Lopez-Menchero, Daniel"]
[Black "Gonzalez De La Torre, Santiago"]
[Result "1/2-1/2"]
[WhiteElo "2318"]
[BlackElo "2472"]
[PlyCount "59"]
[EventDate "2013.08.29"]
[EventType "swiss"]
[EventRounds "9"]
[EventCountry "ESP"]
[Source "lmi"]
[SourceDate "2013.08.28"]

1. e4 d6 2. d4 Nf6 3. Nc3 e5 4. Nge2 Be7 5. f3 c6 6. Be3 b5 7. Qd2 O-O 8. g4 b4
9. Na4 exd4 10. Nxd4 Bxg4 11. fxg4 Nxe4 12. Qg2 Bh4+ 13. Kd1 Nc5 14. b3 Re8 15.
Qh3 Qe7 16. Kd2 Ne4+ 17. Kd1 Bg5 18. Nf5 Qe5 19. c3 Nxc3+ 20. Nxc3 bxc3 21.
Bxg5 Qe1+ 22. Kc2 Qxa1 23. Bd3 Qxa2+ 24. Kxc3 Qa5+ 25. Kc2 Qc5+ 26. Kb1 g6 27.
Nh6+ Kg7 28. Nf5+ Kg8 29. Nh6+ Kg7 30. Rf1 1/2-1/2

[Event "Campeonato de España Individual 2013"]
[Site "Linares ESP"]
[Date "2013.08.31"]
[Round "3.15"]
[White "Arboledas Fernandez, Antonio A"]
[Black "Perez Mitjans, Orelvis"]
[Result "0-1"]
[WhiteElo "2149"]
[BlackElo "2475"]
[PlyCount "134"]
[EventDate "2013.08.29"]
[EventType "swiss"]
[EventRounds "9"]
[EventCountry "ESP"]
[Source "lmi"]
[SourceDate "2013.08.28"]

1. d4 d5 2. e3 Bf5 3. c4 e6 4. Nc3 Nf6 5. Nf3 c6 6. Ne5 h6 7. g4 Bh7 8. Bg2
Nbd7 9. Nxd7 Qxd7 10. h3 dxc4 11. e4 Bb4 12. f3 c5 13. a3 Ba5 14. dxc5 Qxd1+
15. Kxd1 Bxc3 16. bxc3 O-O-O+ 17. Ke2 Rd3 18. Be3 Rhd8 19. Rhc1 Nd7 20. Bd4 e5
21. Be3 Nb8 22. Bf1 f6 23. Kf2 R3d7 24. Bxc4 Bg8 25. Be2 Be6 26. Rab1 Nc6 27.
Rb2 Rc7 28. Rcb1 Rh8 29. Rd1 h5 30. Rd6 Bd7 31. Kg2 hxg4 32. fxg4 Na5 33. Rb4
Kd8 34. Kg3 Ke7 35. Bf3 Be6 36. Rd1 Nc4 37. Bf2 Nxa3 38. Be2 a6 39. Rd6 Bd7 40.
c4 Nc2 41. Rb2 Nd4 42. Bxd4 exd4 43. Rxd4 Rb8 44. Rd6 Ra8 45. Rdb6 Bc6 46. Bf3
Rd8 47. R6b3 Rd4 48. Rc3 Ke6 49. h4 Ke5 50. Re2 a5 51. h5 Rcd7 52. Bg2 Rd3+ 53.
Re3 Rxe3+ 54. Rxe3 a4 55. g5 fxg5 56. Kg4 Rd2 57. Bf3 Rb2 58. Rd3 Rb4 59. Bd1
Rxc4 60. Kxg5 Rd4 61. Rxd4 Kxd4 62. Kg6 a3 63. Bb3 Be8+ 64. Kxg7 Bxh5 65. Kf6
Kxe4 66. Ke6 Kd4 67. Kd6 Bf3 0-1

[Event "Campeonato de España Individual 2013"]
[Site "Linares ESP"]
[Date "2013.08.31"]
[Round "3.30"]
[White "Navarrete Espi, Samuel"]
[Black "Sarto Ramos, Angel"]
[Result "1-0"]
[WhiteElo "2214"]
[BlackElo "2002"]
[PlyCount "76"]
[EventDate "2013.08.29"]
[EventType "swiss"]
[EventRounds "9"]
[EventCountry "ESP"]
[Source "lmi"]
[SourceDate "2013.08.28"]

1. e4 g6 2. d4 c6 3. Nc3 d5 4. Nf3 Bg7 5. h3 dxe4 6. Nxe4 Nd7 7. Bc4 Ndf6 8.
Neg5 Nh6 9. Ne5 Nd5 10. Ngf3 Nf5 11. c3 Nd6 12. Bb3 Bf5 13. c4 Nc7 14. c5 O-O
15. cxd6 exd6 16. Nd3 Re8+ 17. Be3 Nd5 18. Bxd5 Qa5+ 19. Qd2 Qxd5 20. O-O Qe4
21. Nf4 c5 22. Rae1 Qc6 23. d5 Qa6 24. b4 b6 25. Qe2 Qa3 26. bxc5 bxc5 27. Qc4
Re4 28. Qb3 Qa6 29. Bd2 Ra4 30. Qe3 Rxa2 31. g4 Bd7 32. Qe7 Bb5 33. Ng5 Be8 34.
Qxe8+ Rxe8 35. Rxe8+ Bf8 36. Nfe6 fxe6 37. Nxe6 Kf7 38. Rxf8+ Ke7 1-0

[Event "Campeonato de España Individual 2013"]
[Site "Linares ESP"]
[Date "2013.09.01"]
[Round "4.11"]
[White "Gonzalez De La Torre, Santiago"]
[Black "Aranaz Murillo, Amalia"]
[Result "1-0"]
[WhiteElo "2472"]
[BlackElo "2246"]
[PlyCount "47"]
[EventDate "2013.08.29"]
[EventType "swiss"]
[EventRounds "9"]
[EventCountry "ESP"]
[Source "lmi"]
[SourceDate "2013.08.28"]

1. e4 e6 2. d4 d5 3. Nc3 Nf6 4. e5 Nfd7 5. f4 c5 6. Nf3 Nc6 7. Be3 Be7 8. Be2
O-O 9. O-O b6 10. Qe1 f5 11. exf6 Nxf6 12. Kh1 Ng4 13. Bg1 Rxf4 14. Qg3 Bd6 15.
dxc5 bxc5 16. Bxc5 Ne7 17. Bxd6 Qxd6 18. Bd3 e5 19. Ne2 Rf6 20. Ng5 e4 21. Nxe4
dxe4 22. Ng1 Qd8 23. Rf3 exf3 24. Bf1 1-0

[Event "Campeonato de España Individual 2013"]
[Site "Linares ESP"]
[Date "2013.09.01"]
[Round "4.12"]
[White "Rioboo De Larriva, Alvaro"]
[Black "Recuero Guerra, David"]
[Result "1-0"]
[WhiteElo "2247"]
[BlackElo "2454"]
[PlyCount "140"]
[EventDate "2013.08.29"]
[EventType "swiss"]
[EventRounds "9"]
[EventCountry "ESP"]
[Source "lmi"]
[SourceDate "2013.08.28"]

1. e4 c5 2. c3 d5 3. d3 Nc6 4. Nd2 g6 5. Ngf3 Bg7 6. Be2 e6 7. O-O Nge7 8. Re1
O-O 9. Bf1 Qc7 10. Nb3 b6 11. Bg5 h6 12. Bxe7 Nxe7 13. e5 a5 14. Nbd2 Ba6 15.
Qa4 Nc6 16. d4 Bxf1 17. Nxf1 Qd7 18. Qd1 a4 19. h4 a3 20. b4 cxb4 21. cxb4 Nxb4
22. Rb1 Nc6 23. h5 g5 24. Rxb6 Rfb8 25. Rxb8+ Rxb8 26. Ne3 Rb4 27. Ng4 Qe7 28.
Qd2 Rb2 29. Qc3 Rb6 30. Rc1 Ra6 31. Rb1 Qd7 32. Rb3 Qa7 33. Qe3 Ra4 34. Qc1 Rc4
35. Qxa3 Qxa3 36. Rxa3 Nxd4 37. Ra8+ Kh7 38. Nxd4 Rxd4 39. f3 Rd1+ 40. Kf2 Rh1
41. Ra7 Kg8 42. a4 Ra1 43. Ra8+ Kh7 44. Nf6+ Bxf6 45. exf6 d4 46. Ke2 Ra3 47.
Rf8 Rxa4 48. Rxf7+ Kg8 49. Rg7+ Kf8 50. Kd3 Ra2 51. g4 Ra3+ 52. Kxd4 Rxf3 53.
Ke5 Re3+ 54. Kd6 Re4 55. Rh7 Kg8 56. Rg7+ Kf8 57. Ra7 Ke8 58. Re7+ Kf8 59. Ra7
Ke8 60. Rb7 Kf8 61. Rc7 Ke8 62. Re7+ Kf8 63. Rxe6 Rxg4 64. Ke5 Rh4 65. Ra6 Rf4
66. Ke6 Re4+ 67. Kf5 Re8 68. Kg6 g4 69. Ra7 g3 70. Ra1 Ra8 1-0

[Event "Campeonato de España Individual 2013"]
[Site "Linares ESP"]
[Date "2013.09.01"]
[Round "4.13"]
[White "Espinosa Aranda, Angel"]
[Black "Gavilan Diaz, Mario"]
[Result "1-0"]
[WhiteElo "2392"]
[BlackElo "2225"]
[PlyCount "44"]
[EventDate "2013.08.29"]
[EventType "swiss"]
[EventRounds "9"]
[EventCountry "ESP"]
[Source "lmi"]
[SourceDate "2013.08.28"]

1. e4 c5 2. Ne2 a6 3. Nbc3 d6 4. g3 b5 5. Bg2 Bb7 6. O-O g6 7. d4 cxd4 8. Nxd4
Nf6 9. Bg5 Nbd7 10. Re1 Rb8 11. e5 dxe5 12. Nc6 Bxc6 13. Bxc6 Bg7 14. Bxf6 Bxf6
15. Qf3 Qc7 16. Rad1 Rd8 17. Rxd7 Rxd7 18. Rd1 O-O 19. Rxd7 Qa5 20. Nd5 Qxa2
21. Nxf6+ exf6 22. Qd1 Ra8 1-0

[Event "Campeonato de España Individual 2013"]
[Site "Linares ESP"]
[Date "2013.09.01"]
[Round "4.25"]
[White "Leon Acosta, Miguel"]
[Black "Barrenechea Bahamonde, Gustavo"]
[Result "0-1"]
[WhiteElo "2005"]
[BlackElo "2183"]
[PlyCount "85"]
[EventDate "2013.08.29"]
[EventType "swiss"]
[EventRounds "9"]
[EventCountry "ESP"]
[Source "lmi"]
[SourceDate "2013.08.28"]

1. g3 g6 2. Bg2 Bg7 3. Nf3 c5 4. O-O Nc6 5. e4 d6 6. h3 e5 7. c3 Nge7 8. Na3
O-O 9. Nc2 d5 10. d3 h6 11. b4 cxb4 12. cxb4 Be6 13. Bb2 Qb6 14. a4 Rfd8 15.
Qe2 dxe4 16. dxe4 Nd4 17. Ncxd4 exd4 18. a5 Qxb4 19. Ba3 d3 20. Qd1 Qb3 21.
Bxe7 Rd7 22. Qxb3 Bxb3 23. Bb4 Bxa1 24. Rxa1 Rc8 25. Nd2 Be6 26. Ra3 Rc1+ 27.
Kh2 Rc2 28. Rc3 Rxc3 29. Bxc3 Rc7 30. Bd4 Rc2 31. Be3 Bd7 32. Nf1 Bb5 33. e5
Bc6 34. Bxc6 bxc6 35. Bxa7 c5 36. a6 c4 37. Be3 Ra2 38. Nd2 c3 39. Ne4 c2 40.
a7 Rxa7 41. Nf6+ Kh8 42. Nd5 Rd7 43. Bc1 0-1

[Event "Campeonato de España Individual 2013"]
[Site "Linares ESP"]
[Date "2013.09.02"]
[Round "5.1"]
[White "Lopez Martinez, Josep Manuel"]
[Black "Illescas Cordoba, Miguel"]
[Result "1/2-1/2"]
[WhiteElo "2547"]
[BlackElo "2608"]
[PlyCount "84"]
[EventDate "2013.08.29"]
[EventType "swiss"]
[EventRounds "9"]
[EventCountry "ESP"]
[Source "lmi"]
[SourceDate "2013.08.28"]

1. e4 e6 2. d4 d5 3. Nc3 dxe4 4. Nxe4 Nd7 5. Nf3 Ngf6 6. Nxf6+ Nxf6 7. Be3 Bd6
8. c3 O-O 9. Bd3 b6 10. Qc2 Bb7 11. O-O-O h6 12. Kb1 Nd5 13. h4 Re8 14. Bh7+
Kf8 15. Bc1 c5 16. dxc5 bxc5 17. c4 Nf6 18. Qb3 Qc7 19. Bc2 Rab8 20. Qc3 Ng4
21. Qd2 Red8 22. Qe2 Bf4 23. Nd2 Nf6 24. f3 a5 25. Nb3 Bxc1 26. Nxc1 Ba6 27.
Rxd8+ Rxd8 28. Rd1 Rxd1 29. Bxd1 Qf4 30. b3 Nd5 31. Qe1 Nb4 32. Bc2 Qd4 33. Qd1
Qxd1 34. Bxd1 Ke7 35. Kb2 Kd6 36. Kc3 e5 37. a3 Nc6 38. Nd3 Nd4 39. b4 axb4+
40. axb4 cxb4+ 41. Kxb4 Nf5 42. c5+ Kd5 1/2-1/2

[Event "Campeonato de España Individual 2013"]
[Site "Linares ESP"]
[Date "2013.09.02"]
[Round "5.10"]
[White "Rioboo De Larriva, Alvaro"]
[Black "Gonzalez De La Torre, Santiago"]
[Result "1-0"]
[WhiteElo "2247"]
[BlackElo "2472"]
[PlyCount "128"]
[EventDate "2013.08.29"]
[EventType "swiss"]
[EventRounds "9"]
[EventCountry "ESP"]
[Source "lmi"]
[SourceDate "2013.08.28"]

1. e4 Nf6 2. Nc3 d5 3. e5 Ne4 4. Nxe4 dxe4 5. d4 exd3 6. Qxd3 Qxd3 7. Bxd3 Nc6
8. Bf4 g6 9. Be4 Bg7 10. Nf3 h6 11. O-O-O g5 12. Bg3 O-O 13. Bxc6 bxc6 14. Nd4
c5 15. Nc6 Re8 16. Rd5 c4 17. Rc5 f5 18. f3 f4 19. Be1 Be6 20. h4 Kf7 21. Bc3
Rg8 22. Nd4 Rac8 23. Nxe6 Kxe6 24. hxg5 hxg5 25. Rxc4 c5 26. Ra4 Rh8 27. Rg1
Rc7 28. g3 fxg3 29. Rg4 Rd7 30. R4xg3 Rh2 31. f4 g4 32. Rxg4 Bh6 33. a4 Kf5 34.
Kb1 Bxf4 35. Rg8 Be3 36. Rf1+ Ke6 37. Rg6+ Kd5 38. e6 Rd6 39. Rf7 Bd4 40. Bxd4
cxd4 41. Rxe7 d3 42. Rg5+ Ke4 43. cxd3+ Kf4 44. Rb5 a6 45. Rf7+ Kg4 46. Rb4+
Kg5 47. a5 Rxe6 48. Ra7 Rd2 49. Rb6 Re5 50. Raxa6 Rxd3 51. Rg6+ Kf5 52. Raf6+
Ke4 53. Re6 Rdd5 54. b4 Kd4 55. Rg4+ Kc3 56. Rxe5 Rxe5 57. Ka2 Re1 58. a6 Re6
59. b5 Re2+ 60. Ka3 Re1 61. Rg2 Kc4 62. a7 Re8 63. b6 Re3+ 64. Ka2 Kd5 1-0